Territorios del Imperio Alemán - Estadísticas

Estadísticas generales
  • Esta prueba ha sido intentada 47 veces
  • La puntuación promedio es 9 de 27
Estadísticas de respuestas
Tipo Nombre % Correcto
Baviera
88%
Reino de Prusia
88%
Hamburgo
79%
Sajonia
79%
Bremen
67%
Hesse
55%
Gran Ducado de Baden
52%
Territorio Imperial Alsacia-Lorena
45%
Ducado de Anhalt
40%
Wurtemberg
40%
Mecklemburgo-Schwerin
38%
Mecklemburgo-Strelitz
38%
Sajonia-Coburgo-Gotha
36%
Ciudad Libre y Hanseática de Lübeck
31%
Brunswick
26%
Oldenburgo
24%
Sajonia-Weimar-Eisenach
21%
Waldeck-Pyrmont
19%
Sajonia-Meiningen
14%
Principado de Lippe
12%
Reuss-Gera
10%
Reuss-Greiz
10%
Sajonia-Lauenburgo(hasta 1876)
10%
Sajonia-Altemburgo
5%
Schwarzburgo-Rudolstadt
5%
Schwarzburgo-Sondershausen
5%
Schaumburg-Lippe
2%
No se encontraron pruebas coincidentes
Distribución de puntuación
Porcentaje de gente con cada puntuación
Porcentaje por número respondido
Historial de tus puntuaciones
No has intentado esta prueba.